[Event "DVM U20 2003"]
[Site "Ditzingen GER"]
[Date "2003.12.30"]
[Round "7"]
[White "Grofig, Patrick"]
[Black "Jürgens, Florian"]
[Result "0-1"]
[Termination "normal"]
[Board "7.4"]
[WhiteElo "2116"]
[BlackElo "1743"]
[WhiteTeam "SF Berghofen-Wambel"]
[BlackTeam "SV SF Aachen-Hörn"]
[PlyCount "78"]
[WhiteFideId "24605654"]
[EventCountry "GER"]
[EventRounds "7"]
[EventType "team-swiss"]
[EventDate "2003.12.26"]

1. d4 d5 2. Nf3 Nf6 3. c4 e6 4. Nc3 Bb4 5. Bg5 dxc4 6. e4 c5 7. Bxc4 Qa5 8. Bd2
cxd4 9. Nb5 Nxe4 10. a3 Bxd2+ 11. Nxd2 Qxd2+ 12. Qxd2 Nxd2 13. Kxd2 Na6 14.
Nxd4 O-O 15. Ke3 b6 16. Rhd1 Bb7 17. Rd2 Nc7 18. f3 Rac8 19. Nb5 Nxb5 20. Bxb5
Rc5 21. Bd3 Rd5 22. Rc2 Rfd8 23. Rc3 Kf8 24. Rac1 h6 25. R1c2 Ke7 26. Rc7+ R8d7
27. Be4 Re5 28. Kf4 Bxe4 29. fxe4 Rb5 30. h4 f6 31. b4 g5+ 32. hxg5 hxg5+ 33.
Ke3 a5 34. bxa5 bxa5 35. R7c5 Rb3+ 36. R2c3 Rdb7 37. Kd4 a4 38. g4 Kd7 39. R3c4
e5+ 0-1

[Event "DVM U20 2003"]
[Site "Ditzingen GER"]
[Date "2003.12.30"]
[Round "7"]
[White "Menkowski, Patrick"]
[Black "Elgourt, Maja"]
[Result "1-0"]
[Termination "normal"]
[Board "7.6"]
[WhiteElo "1752"]
[BlackElo "1486"]
[WhiteTeam "SF Berghofen-Wambel"]
[BlackTeam "SV SF Aachen-Hörn"]
[PlyCount "35"]
[EventCountry "GER"]
[EventRounds "7"]
[EventType "team-swiss"]
[EventDate "2003.12.26"]

1. b3 e5 2. Bb2 Nc6 3. e3 Nf6 4. c4 Bd6 5. Nc3 O-O 6. d3 b6 7. Nf3 Bb7 8. Be2
Qe7 9. O-O Ba3 10. Bxa3 Qxa3 11. Nb5 Qe7 12. Nxc7 Rad8 13. e4 Nd4 14. Nxd4 exd4
15. Nb5 Qc5 16. a3 a5 17. Qd2 g6 18. b4 1-0